000 00419cam a22001097a 4500
008 180718b1974 xxu||||| |||| 00| 0 eng d
082 _aR854x5453 K45
245 _aReport on the working of the labour-cum-development bank ernakulam
_cby Evalution Board, State Planning Board
260 _aTrivandrum
_bEvalution Board, State Planning Board
_c1974
300 _av.p.
700 _aKerala. Evalution Board, State Planning Board
999 _c496494
_d496494